Jakarta City Trivia - Statistics

General Stats
  • This quiz has been taken 23 times
  • The average score is 11 of 17
Answer Stats
Clue Answer % Correct
83% of Jakartans practice this religion Islam
100%
Island Jakarta is located on Java
95%
Second most prevalent religion Christianity
91%
What type of building is Istiqlal? a Mosque
77%
Country that occupied the city in WWII Japan
77%
Closest other world capital to Jakarta Singapore
77%
Largest airport that serves Jakarta * hint: Indonesian president {Soekarno}–Hatta
73%
Name of Jakarta under the Dutch Batavia
68%
Northern Jakarta is ______ by 17 centimeters per year Sinking
68%
What are Ciliwung, Angke, and Sunter? Rivers
59%
Indonesian province with the Jakarta suburb of Tangerang Banten
50%
New York City is "The Big Apple". What is Jakarta's nickname? The Big {Durian}
50%
City being built to replace Jakarta as the capital of Indonesia Nusantara
45%
Legumes used in Sambal Kacang sauce Peanuts
41%
Tallest building south of the equator * hint: something given by a celebrity {Autograph} Tower
32%
Most populous satellite city of Jakarta Bekasi
32%
Square home to the National Monument {Merdeka} Square
23%
No matching quizzes found
Score Distribution
Percent of People with Each Score
Percentile by Number Answered
Your Score History
You have not taken this quiz